000 00718nac a22002171u 4500
020 _a8122412483
082 _a604.2
_bR128
090 _c777
_d777
100 _aRadhakrishnan, P.
245 _aCAD/CAM/CIM
_cP. Radhakrishnan, S. Subramanyan, Raju V.
250 _a2nd ed.
260 _aNew Delhi :
_bNew Age International
_c2004.
300 _a675 p.
_bill. ;
_c24 cm.
500 _aIncludes index.
650 _aComputer integrated manufacturing systems.
650 _aCAD/CAM systems.
700 _aSubramanyan, S.
700 _aRaju, V.
942 _cBB
_k604.2R128
999 _c777
_d777